La industria del salitre contada por el yodo: 1811-2004

Salvato in:
Dettagli Bibliografici
Autore principale: Díaz V., Patricio (Autore)
Natura: Libro
Lingua:spagnolo
Pubblicazione: Antofagasta Emelnor 2005
Edizione:1a. ed
Soggetti:
Tags: Aggiungi Tag
Nessun Tag, puoi essere il primo ad aggiungerne!!

MARC

LEADER 00000nam a2200000 a 4500
001 UCH3034
003 CL-VaPUC
008 090709e20050000CL |||||||||||||||||spa|d
020 |a 9562996891 
082 0 4 |a 338.23  |b DIA  |2 21 
100 0 |a Díaz V., Patricio  |e author  |9 538184 
245 1 3 |a La industria del salitre contada por el yodo: 1811-2004 
250 |a 1a. ed 
300 |a 624 p 
942 |c BK 
945 |d 20090709 00:00:00  |a dcastane 
260 |a Antofagasta  |b Emelnor  |c 2005 
650 7 |a INDUSTRIA DEL SALITRE  |2 CL-VaPUC  |9 487617 
650 0 |a Salitre  |9 313872 
650 7 |a EXPLOTACION DEL SALITRE  |2 CL-VaPUC  |9 538185 
650 7 |a ECONOMIA NACIONAL  |2 CL-VaPUC  |9 338222 
650 7 |a OFICINAS SALITRERAS HISTORIA  |2 CL-VaPUC  |9 538186 
651 7 |a CHILE  |2 CL-VaPUC  |9 538187 
583 |a last modification  |c 20090709 00:00:00  |k Rodrigo Vera 
999 |c 334691  |d 334689 
952 |0 0  |1 0  |4 0  |6 338_230000000000000_DIA_2005  |7 0  |8 X  |9 423824  |a FDOBUD  |b FDOBUD  |d 2019-11-22  |i 4556666  |o 338.23 DIA 2005  |p 4556666  |r 2019-11-22  |w 2019-11-22  |y BK_X  |k BUD